Heart of the city : (Record no. 352665)

000 -LEADER
fixed length control field 00749 a2200217 4500
003 - CONTROL NUMBER IDENTIFIER
control field OSt
005 - DATE AND TIME OF LATEST TRANSACTION
control field 20180116192341.0
008 - FIXED-LENGTH DATA ELEMENTS--GENERAL INFORMATION
fixed length control field 120525t xxu||||| |||| 00| 0 eng d
020 ## - INTERNATIONAL STANDARD BOOK NUMBER
International Standard Book Number 0615336663 (paperback)
020 ## - INTERNATIONAL STANDARD BOOK NUMBER
International Standard Book Number 9780615336664 (paperback)
040 ## - CATALOGING SOURCE
Transcribing agency 0
082 ## - DEWEY DECIMAL CLASSIFICATION NUMBER
Classification number 711.40
100 1# - MAIN ENTRY--PERSONAL NAME
Personal name Gentry, George M.
9 (RLIN) 2276
245 10 - TITLE STATEMENT
Title Heart of the city :
Remainder of title a collection of raw verses by george M. gentry /
Statement of responsibility, etc. George M Gentry.
260 ## - PUBLICATION, DISTRIBUTION, ETC.
Place of publication, distribution, etc. New yark :
Name of publisher, distributor, etc. VanHook House,
Date of publication, distribution, etc. 2009.
300 ## - PHYSICAL DESCRIPTION
Extent 1I4 p. ;
Dimensions 21 cm.
650 0# - SUBJECT ADDED ENTRY--TOPICAL TERM
Topical term or geographic name entry element Heart of the City
9 (RLIN) 2277
856 40 - ELECTRONIC LOCATION AND ACCESS
Materials specified Amazon.com
Uniform Resource Identifier <a href="http://www.amazon.com/exec/obidos/ASIN/0615336663/chopaconline-20">http://www.amazon.com/exec/obidos/ASIN/0615336663/chopaconline-20</a>
942 ## - ADDED ENTRY ELEMENTS (KOHA)
Institution code [OBSOLETE] SADA
Koha item type Book
Call number prefix 711.40 GEN 2009
Source of classification or shelving scheme
Holdings
Withdrawn status Lost status Source of classification or shelving scheme Damaged status Not for loan Permanent Location Current Location Date acquired Total Checkouts Total Renewals Full call number Barcode Date last seen Date last checked out Cost, replacement price Price effective from Koha item type
          School of Art Design and Architecture (SADA) School of Art Design and Architecture (SADA) 03/11/2011 4 2 711.40 GEN 2009 SADA0000669 11/05/2014 10/24/2014 1645.00 08/05/2011 Book
© 2023 Central Library, National University of Sciences and Technology. All Rights Reserved.